Psychological testing and assessment : (Record no. 83309)

MARC details
000 -LEADER
fixed length control field 00920nam a22002657a 4500
005 - DATE AND TIME OF LATEST TRANSACTION
control field 20140505113513.0
010 ## - LCCN (DPL NO)
LC control number ENG-109665
020 ## - INTERNATIONAL STANDARD BOOK NUMBER
Terms of availability 550.00
International Standard Book Number 9781259026751
020 ## - INTERNATIONAL STANDARD BOOK NUMBER
Terms of availability 550.00
International Standard Book Number 1259026752
035 ## - SYSTEM CONTROL NUMBER
System control number EN-93198
037 ## - SOURCE OF ACQUISITION
Source of stock number/acquisition DBAD/PUB
082 ## - DEWEY DECIMAL CLASSIFICATION NUMBER
Classification number 150.287
100 ## - MAIN ENTRY--PERSONAL NAME
Personal name Cohen, Ronald Jay
245 00 - TITLE STATEMENT
Title Psychological testing and assessment :
Statement of responsibility, etc by Ronald Jay Cohen, Mark E. Swerklik [and] Medha M. Kumthekar
Remainder of title an introduction to tests and measurement /
250 ## - EDITION STATEMENT
Edition statement 7th ed
260 ## - PUBLICATION, DISTRIBUTION, ETC. (IMPRINT)
Place of publication, distribution, etc New Delhi
Name of publisher, distributor, etc McGraw Hill Education
Date of publication, distribution, etc 2014
270 ## - ADDRESS
Address P-24, Green Park Extn.
City New Delhi
Postal code 110016
300 ## - PHYSICAL DESCRIPTION
Extent xxv,713p. :
Dimensions 25cm(pbk)
Other physical details ill.
500 ## - GENERAL NOTE
General note Includes bibliographical references and index
650 ## - SUBJECT ADDED ENTRY--TOPICAL TERM
Topical term or geographic name as entry element Psychological tests
Form subdivision Textbooks.
650 ## - SUBJECT ADDED ENTRY--TOPICAL TERM
Topical term or geographic name as entry element Psychometrics
Form subdivision Textbooks.
700 ## - ADDED ENTRY--PERSONAL NAME
Personal name Swerklik, Mark E.
700 ## - ADDED ENTRY--PERSONAL NAME
Personal name Kumthekar, Medha M.
942 ## - ADDED ENTRY ELEMENTS (KOHA)
Source of classification or shelving scheme Dewey Decimal Classification
Item type English Books
Call number suffix COH
Classification part 150.287
Holdings
Withdrawn status Lost status Not for loan Collection code Home library Current library Date acquired Source of acquisition Cost, normal purchase price Full call number Barcode Copy number Cost, replacement price Koha item type
    Not For Loan Non-fiction D.B.Act.Division D.B.Act.Division 04/04/2014 DBAD/PUB 550.00 150.287 COH EN-93198 1 550.00 English Books

© Delhi Public Library
Hit Counter
free hit counter